000 00721cab a2200241 4500
001 WB3214-08
008 090401t1996 xxu||||| |||| 00| 0 eng d
035 _a(Sirsi) u64620
041 _aeng
245 _aDevelopment key to success
260 _c1996
350 _a0
490 _aRetail Week
_v29 March 1996, 6(1)
520 _aAccording to a new KPMG report, leading retailers have named refurbishment and relocation as key factors for success.
650 _aRefurbishment
_96264
650 _aRELOCATION
650 _aRETAILERS
650 _aSTORE DEVELOPMENT PROGRAMMES
650 _aSTORE IMPROVEMENTS
690 _aPROPERTY-COMMERCIAL PROPERTY-RETAIL PROPERTY
942 _n0
948 _c04/03/1997
999 _c40255
_d40255